000 00284nam a2200133 i 4500
001 bg
245 0 _aTablice do obliczeń procesowych.
250 _aWyd. 2.
260 _aOpole,
_c1989.
040 _cBPK
041 _apol
942 _cKS
008 s pl f |000 0 pol
999 _c4153
_d4153
856 _uhttp://koha.tu.koszalin.pl/cgi-bin/koha/opac-detail.pl?biblionumber=4153
_yKatalog online BPK